000 00862nam a22002777ia4500
999 _c174059
_d174059
005 20200227221708.0
008 190828t20182018nyuo j 000 0 eng d
020 _a9781489658692
_qhardback
_cRM119.30
040 _aPPAK
_beng
_cPPAK
_erda
082 0 4 _a530.8
_223
090 0 0 _a530.8
_bVOG
_dK
100 1 _aVogel, Julia,
_eauthor.
245 1 0 _aLENGTH /
_cJulia Vogel
264 1 _aNew York, NY :
_bAV2 by Weigl,
_c[2018]
264 4 _c©2018
300 _a24 pages :
_bcolour photographs ;
_c23 x 25 cm
336 _2rdacontent
_atext
337 _2rdamedia
_aunmediated
338 _2rdacarrier
_avolume
490 1 _aALL ABOUT MEASURING
650 1 0 _aLength measurement
_vJuvenile literature
650 2 0 _aMeasurement
_vJuvenile literature
650 2 0 _aUnits of measurement
_vJuvenile literature
830 0 _aAll about measuring
942 _2ddc
_cB